<?xml version="1.0" encoding="UTF-8"?>
<record
    xmlns:xsi="http://www.w3.org/2001/XMLSchema-instance"
    xsi:schemaLocation="http://www.loc.gov/MARC21/slim http://www.loc.gov/standards/marcxml/schema/MARC21slim.xsd"
    xmlns="http://www.loc.gov/MARC21/slim">

  <leader>00789nam a22002295a 4500</leader>
  <controlfield tag="003">OSt</controlfield>
  <controlfield tag="005">20160925153102.0</controlfield>
  <controlfield tag="008">160925s2011    ua     fr     000 0 ara d</controlfield>
  <datafield tag="015" ind1=" " ind2=" ">
    <subfield code="a">2010/16343</subfield>
  </datafield>
  <datafield tag="040" ind1=" " ind2=" ">
    <subfield code="a">EG-ScBUE</subfield>
    <subfield code="b">ara</subfield>
    <subfield code="c">EG-ScBUE</subfield>
  </datafield>
  <datafield tag="043" ind1=" " ind2=" ">
    <subfield code="a">f-ua---</subfield>
  </datafield>
  <datafield tag="082" ind1="0" ind2="4">
    <subfield code="a">346.62</subfield>
    <subfield code="b">&#x639; &#x628; &#x62F;</subfield>
    <subfield code="2">22</subfield>
  </datafield>
  <datafield tag="100" ind1="1" ind2=" ">
    <subfield code="a">&#x639;&#x628;&#x62F; &#x627;&#x644;&#x635;&#x627;&#x62F;&#x642;&#x60C; &#x623;&#x62D;&#x645;&#x62F; &#x645;&#x62D;&#x645;&#x62F;.</subfield>
    <subfield code="9">41207</subfield>
  </datafield>
  <datafield tag="245" ind1="1" ind2="4">
    <subfield code="a">&#x627;&#x644;&#x645;&#x631;&#x62C;&#x639; &#x627;&#x644;&#x642;&#x636;&#x627;&#x626;&#x64A; &#x641;&#x64A; &#x634;&#x631;&#x62D; &#x623;&#x62D;&#x643;&#x627;&#x645; &#x627;&#x644;&#x642;&#x627;&#x646;&#x648;&#x646; &#x627;&#x644;&#x645;&#x62F;&#x646;&#x64A; /</subfield>
    <subfield code="c">&#x623;&#x62D;&#x645;&#x62F; &#x645;&#x62D;&#x645;&#x62F; &#x639;&#x628;&#x62F; &#x627;&#x644;&#x635;&#x627;&#x62F;&#x642;.</subfield>
  </datafield>
  <datafield tag="250" ind1=" " ind2=" ">
    <subfield code="a">&#x637;. 1.</subfield>
  </datafield>
  <datafield tag="260" ind1=" " ind2=" ">
    <subfield code="a">[&#x627;&#x644;&#x642;&#x627;&#x647;&#x631;&#x629;] :</subfield>
    <subfield code="b">&#x646;&#x627;&#x62F;&#x64A; &#x645;&#x633;&#x62A;&#x634;&#x627;&#x631;&#x64A; &#x647;&#x64A;&#x626;&#x629; &#x642;&#x636;&#x627;&#x64A;&#x627; &#x627;&#x644;&#x62F;&#x648;&#x644;&#x629;&#x60C;</subfield>
    <subfield code="c">2011.</subfield>
  </datafield>
  <datafield tag="300" ind1=" " ind2=" ">
    <subfield code="a">2 &#x62C;. &#x61B;</subfield>
    <subfield code="c">24 &#x633;&#x645;.</subfield>
  </datafield>
  <datafield tag="650" ind1=" " ind2="7">
    <subfield code="a">&#x627;&#x644;&#x642;&#x627;&#x646;&#x648;&#x646; &#x627;&#x644;&#x645;&#x62F;&#x646;&#x64A;</subfield>
    <subfield code="z">&#x645;&#x635;&#x631;.</subfield>
    <subfield code="2">BUEsh</subfield>
    <subfield code="9">21750</subfield>
  </datafield>
  <datafield tag="651" ind1=" " ind2=" ">
    <subfield code="2">BUEsh</subfield>
  </datafield>
  <datafield tag="653" ind1=" " ind2=" ">
    <subfield code="b">LLAAWW</subfield>
    <subfield code="c">September2016</subfield>
  </datafield>
  <datafield tag="942" ind1=" " ind2=" ">
    <subfield code="2">ddc</subfield>
  </datafield>
  <datafield tag="999" ind1=" " ind2=" ">
    <subfield code="c">22395</subfield>
    <subfield code="d">22367</subfield>
  </datafield>
  <datafield tag="952" ind1=" " ind2=" ">
    <subfield code="0">0</subfield>
    <subfield code="1">0</subfield>
    <subfield code="2">ddc</subfield>
    <subfield code="3">Repaired</subfield>
    <subfield code="4">0</subfield>
    <subfield code="7">0</subfield>
    <subfield code="8">dar elfekr</subfield>
    <subfield code="a">MAIN</subfield>
    <subfield code="b">MAIN</subfield>
    <subfield code="c">1ST</subfield>
    <subfield code="d">2016-09-25</subfield>
    <subfield code="e">Purchase</subfield>
    <subfield code="g">500.00</subfield>
    <subfield code="h">15887</subfield>
    <subfield code="o">346.62 &#x639; &#x628; &#x62F;</subfield>
    <subfield code="p">000033681</subfield>
    <subfield code="r">2026-04-06 00:00:00</subfield>
    <subfield code="s">2022-12-11</subfield>
    <subfield code="v">625.00</subfield>
    <subfield code="x">price for 2 VOL.</subfield>
    <subfield code="y">BB</subfield>
    <subfield code="z">VOL. 1.</subfield>
  </datafield>
  <datafield tag="952" ind1=" " ind2=" ">
    <subfield code="0">0</subfield>
    <subfield code="1">0</subfield>
    <subfield code="2">ddc</subfield>
    <subfield code="4">0</subfield>
    <subfield code="7">0</subfield>
    <subfield code="8">dar elfekr</subfield>
    <subfield code="a">MAIN</subfield>
    <subfield code="b">MAIN</subfield>
    <subfield code="c">1ST</subfield>
    <subfield code="d">2016-09-25</subfield>
    <subfield code="e">Purchase</subfield>
    <subfield code="g">500.00</subfield>
    <subfield code="h">15887</subfield>
    <subfield code="o">346.62 &#x639; &#x628; &#x62F;</subfield>
    <subfield code="p">000033682</subfield>
    <subfield code="r">2025-07-15 00:00:00</subfield>
    <subfield code="s">2022-02-15</subfield>
    <subfield code="v">625.00</subfield>
    <subfield code="x">price for 2 VOL.</subfield>
    <subfield code="y">BB</subfield>
    <subfield code="z">VOL. 2.</subfield>
  </datafield>
</record>
